| 000 | | | 05466cbc2a2200289#x 450 |
| 001 | | | 5fb17b24-088d-490d-b354-13e18d4adb57 |
| 005 | | | 20180814123804.0 |
| 100 | ## | $a | 20130717l19111915k y0rusy50 ca |
| 101 | 0# | $a | rus |
| | $a | ita |
| 102 | ## | $a | RU |
| 105 | ## | $a | y z ||||| |
| 200 | 1# | $a | Удостоверение выданное гр. Тышкевичу Владиславу Либавским этапным лазаретом Российского общества Красного Креста о его работе в этом лазарете и доверенность жены Тышкевича В. И. на получение акций акционерного общества "Варшавская филгармония" |
| | $j | 1911-1915 |
| 215 | ## | $a | 3 листа |
| | $c | марки |
| 251 | ## | $c | Дело |
| 300 | ## | $a | На русском и итальянском языках |
| 300 | ## | $a | Лист 2: марка гербовая |
| 300 | ## | $a | Рукописный текст |
| 330 | ## | $a | IV. Документальные материалы, не имеющие прямого отношения к фонду |
| 461 | #0 | $1 | 001fdc4ea38-544e-4b93-b87c-448efc7be393 |
| | $1 | 2001 |
| | $a | Дымша Любомир Клеофасович, юрист, приват-доцент петербургского университета, член III и IV Государственных Дум, польского коло, член учебного комитета и чиновник особых поручений Собственной Его Императорского Величества канцелярии, помещик Константиновского уезда |
| | $1 | 251 |
| | $c | Фонд |
| | $1 | 852 |
| | $j | 690 |
| 462 | #0 | $1 | 001ca403b4d-2fe2-48fe-9d5c-8f624e1a5a5b |
| | $1 | 2001 |
| | $a | 1869-1916 |
| | $v | Д. 209 |
| | $1 | 251 |
| | $c | Опись |
| | $1 | 852 |
| | $j | 1 |
| 600 | #1 | $2 | prlib_sh |
| | $3 | LIBNET\UAF\0000076720 |
| | $a | Тышкевич |
| | $b | В.Ю. |
| | $g | Владислав Юзефович |
| | $f | 1865-1936 |
| | $j | Документы и материалы |
| 801 | #0 | $a | RU |
| | $b | GA_RF |
| 801 | #1 | $a | RU |
| | $b | НПО Опыт |
| | $c | 20130717 |
| | $2 | rusmarc |
| 801 | #2 | $a | RU |
| | $b | ПБ им. Б.Н. Ельцина |
| | $c | 20131123 |
| | $g | RCR |
| | $2 | rusmarc |
| 852 | ## | $a | ГА РФ |
| | $j | 209 |
| 937 | ## | $d | 41978676 |
| | $h | ПБ |
| 035 | ## | $a | RuPRLIB51009320 |
| 122 | 2# | $a | d1911###### |
| | $a | d1915###### |
| 601 | 02 | $2 | prlib_sh |
| | $3 | LIBNET\UAF\0000044140 |
| | $a | Российское общество Красного Креста |
| | $x | Деятельность |
| | $j | Документы и материалы |
| 686 | ## | $2 | rubbk |
| | $a | 63.3(2)53-76 |
| | $v | LBC/M |
| 686 | ## | $a | 51.1(2) |
| | $v | LBC/M |
| | $2 | rubbk |
| 605 | ## | $2 | acquisition_Prlib |
| | $3 | LIBNET\UAF\0000074784 |
| | $a | Год добровольца (волонтера) в России |
| | $l | коллекция |
| 605 | ## | $2 | acquisition_Prlib |
| | $3 | DITM\AF\0000003834 |
| | $a | Народ |
| | $l | коллекция |
| 605 | ## | $2 | acquisition_Prlib |
| | $3 | DITM\AF\0000002775 |
| | $a | Власть |
| | $l | коллекция |